New routledge companion to science fiction (Record no. 396484)

MARC details
000 -LEADER
fixed length control field 00549 a2200217 4500
005 - DATE & TIME
control field 20260430144610.0
008 - FIXED-LENGTH DATA ELEMENTS--GENERAL INFORMATION
fixed length control field 260430b |||||||| |||| 00| 0 eng d
020 ## - ISBN
International Standard Book Number 9780367690533
Price £ 220.00
040 ## - CATALOGING SOURCE
Original cataloging agency VIVEKANANDA LIBRARY
082 ## - DDC NUMBER
Classification number 809.3876
Book Number B663N
100 ## - MAIN ENTRY--PERSONAL NAME
Personal name Butler, Andrew M
245 ## - TITLE STATEMENT
Title New routledge companion to science fiction
260 ## - PUBLICATION, DISTRIBUTION, ETC. (IMPRINT)
Name of publisher, distributor, etc Routledge
Place of publication, distribution, etc London
Date of publication, distribution, etc 2024
300 ## - PHYSICAL DESCRIPTION
Pages xx, 515
650 ## - Subject
Subject Literature
650 ## - Subject
Subject Fiction
650 ## - Subject
Subject Science Fiction
700 ## - Added Entry Personal Name
Added Entry Personal Name Vint, Sherryl
700 ## - Added Entry Personal Name
Added Entry Personal Name Bould, Mark
942 ## - ADDED ENTRY ELEMENTS (KOHA)
Koha item type Books
Holdings
Withdrawn status Lost status Source of classification or shelving scheme Damaged status Not for loan Location (home branch) Sublocation or collection (holding branch) Shelving location Date acquired Koha issues (times borrowed) Koha full call number Accession No. Koha date last seen Koha item type
    Dewey Decimal Classification     VIVEKANANDA LIBRARY VIVEKANANDA LIBRARY Vivekananda Library 28/01/2026   809.3876 B663N 444748 28/01/2026 Books
© Designed and Maintained by Vivekananda Library, MDU Rohtak